00545nmm a22001457a 450000500170000000800410001704100080005804400070006611000260007324501150009926000430021430000190025770001170027671100060039320140321090631.0131203b2012 ck ||||| |||| 00| 0 spa d aspa ack aUniversidad de Caldas aII Simposio regional de biología :bNuevas tendencias en biología y su implementación en el Eje Cafetero aManizalesbUniversidad de caldasc2012 a113 p.,c13 cm aEditores Ana Lucía López Gonzalez, Diana Constanza Díaz, Eliana Mantilla Mueirel, Viviana Andrea Ramírez c